Eastern Utah Libraries Catalog: Duchesne, Heber, Roosevelt, & Vernal

You me everything (Record no. 310322)

MARC details
000 -LEADER
fixed length control field 03073cam a22005538i 4500
001 - CONTROL NUMBER
control field on1031408581
003 - CONTROL NUMBER IDENTIFIER
control field OCoLC
005 - DATE AND TIME OF LATEST TRANSACTION
control field 20210302142932.0
008 - FIXED-LENGTH DATA ELEMENTS--GENERAL INFORMATION
fixed length control field 180412t20182018meu d 000 1 eng
010 ## - LIBRARY OF CONGRESS CONTROL NUMBER
LC control number 2018014259
020 ## - INTERNATIONAL STANDARD BOOK NUMBER
International Standard Book Number 9781432850678
Qualifying information (large print ;
-- hardcover)
020 ## - INTERNATIONAL STANDARD BOOK NUMBER
International Standard Book Number 1432850679
Qualifying information (large print ;
-- hardcover)
020 ## - INTERNATIONAL STANDARD BOOK NUMBER
Terms of availability 36.95
035 ## - SYSTEM CONTROL NUMBER
System control number (OCoLC)1031408581
040 ## - CATALOGING SOURCE
Original cataloging agency DLC
Language of cataloging eng
Description conventions rda
Transcribing agency DLC
Modifying agency OCLCO
-- ORX
-- OCLCO
-- OCLCF
-- BKL
-- IFK
-- TJZ
-- KL3
-- JNE
-- OCLCO
-- WACOL
042 ## - AUTHENTICATION CODE
Authentication code pcc
049 ## - LOCAL HOLDINGS (OCLC)
Holding library WACL
050 10 - LIBRARY OF CONGRESS CALL NUMBER
Classification number PR6103.O847
Item number Y68 2018b
082 00 - DEWEY DECIMAL CLASSIFICATION NUMBER
Classification number 823/.92
Edition number 23
084 ## - OTHER CLASSIFICATION NUMBER
Classification number FIC044000
-- FIC045000
-- FIC027020
Source of number bisacsh
092 ## - LOCALLY ASSIGNED DEWEY CALL NUMBER (OCLC)
Classification number FLP
Item number Isa
100 1# - MAIN ENTRY--PERSONAL NAME
Personal name Isaac, Catherine,
Dates associated with a name 1974-
Relator term author.
9 (RLIN) 5973294
245 10 - TITLE STATEMENT
Title You me everything
Medium [large print] /
Statement of responsibility, etc Catherine Isaac.
250 ## - EDITION STATEMENT
Edition statement Large print edition.
263 ## - PROJECTED PUBLICATION DATE
Projected publication date 1805
264 #1 - Production, Publication, Distribution, Manufacture, and Copyright Notice.
Place of production, publication, distribution, manufacture Waterville, Maine :
Name of producer, publisher, distributor, manufacturer Thorndike Press Large Print,
Date of production, publication, distribution, manufacture, or copyr 2018.
264 #4 - Production, Publication, Distribution, Manufacture, and Copyright Notice.
Date of production, publication, distribution, manufacture, or copyr ©2018
300 ## - PHYSICAL DESCRIPTION
Extent 515 pages (large print) ;
Dimensions 23 cm.
336 ## - Content Type
Content type term text
337 ## - Media type
Media type term unmediated
338 ## - Carrier type
Carrier type term volume
490 0# - SERIES STATEMENT
Series statement Thorndike Press large print basic
520 ## - SUMMARY, ETC.
Summary, etc "Set in the French countryside on an idyllic summer vacation, a delicious, tender novel about finding every bit of joy in life no matter what's thrown at us Sick of his lies, cheating ways, and complete lack of interest in fatherhood, Jessica left her boyfriend, Adam, only months after she gave birth to their son--and never looked back. Adam moved to France to follow his dream, unencumbered by a serious relationship and the child he never wanted. Ten years later, Susan, Jess's mother, lies in a nursing home, battling a debilitating disease. Susan forces Jess to recognize what she's always refused to acknowledge: that William needs his father in his life. So, Jess and ten-year-old William set off to spend the summer at Chau de Roussignol, deep in the rich, sunlit hills of the Dordogne, where Adam runs a beautiful hotel. There, Jess has a mission: to make Adam fall in love with his own son. By turns heartbreaking and hopeful, You Me Everything is a novel about one woman's fierce determination to grab hold of the family she has, and a romantic story about finding love even under the most unexpected circumstances"-- Provided by publisher.
650 #0 - SUBJECT ADDED ENTRY--TOPICAL TERM
Topical term or geographic name as entry element Single mothers
Form subdivision Fiction.
9 (RLIN) 5673806
650 #0 - SUBJECT ADDED ENTRY--TOPICAL TERM
Topical term or geographic name as entry element Man-woman relationships
Form subdivision Fiction.
9 (RLIN) 5674079
650 #0 - SUBJECT ADDED ENTRY--TOPICAL TERM
Topical term or geographic name as entry element Large type books.
9 (RLIN) 5973296
650 #7 - SUBJECT ADDED ENTRY--TOPICAL TERM
Topical term or geographic name as entry element Large type books.
Source of heading or term fast
9 (RLIN) 5973296
650 #4 - SUBJECT ADDED ENTRY--TOPICAL TERM
Topical term or geographic name as entry element Single mothers
Form subdivision Fiction.
9 (RLIN) 5673806
650 #4 - SUBJECT ADDED ENTRY--TOPICAL TERM
Topical term or geographic name as entry element Man-woman relationships
Form subdivision Fiction.
9 (RLIN) 5674079
650 #4 - SUBJECT ADDED ENTRY--TOPICAL TERM
Topical term or geographic name as entry element Large type books.
9 (RLIN) 5973296
650 #7 - SUBJECT ADDED ENTRY--TOPICAL TERM
Topical term or geographic name as entry element FICTION / Contemporary Women.
Source of heading or term bisacsh
9 (RLIN) 5676127
650 #7 - SUBJECT ADDED ENTRY--TOPICAL TERM
Topical term or geographic name as entry element FICTION / Family Life.
Source of heading or term bisacsh
9 (RLIN) 5679128
650 #7 - SUBJECT ADDED ENTRY--TOPICAL TERM
Topical term or geographic name as entry element FICTION / Romance / Contemporary.
Source of heading or term bisacsh
9 (RLIN) 5679126
651 #0 - SUBJECT ADDED ENTRY--GEOGRAPHIC NAME
Geographic name France
Form subdivision Fiction.
9 (RLIN) 5679138
651 #4 - SUBJECT ADDED ENTRY--GEOGRAPHIC NAME
Geographic name France
Form subdivision Fiction.
9 (RLIN) 5679138
655 #7 - INDEX TERM--GENRE/FORM
Genre/form data or focus term Romance fiction.
Source of term lcgft
9 (RLIN) 5683255
942 ## - ADDED ENTRY ELEMENTS (KOHA)
Koha item type BOOK
Source of classification or shelving scheme Dewey Decimal Classification
948 ## - LOCAL PROCESSING INFORMATION (OCLC); SERIES PART DESIGNATOR (RLIN)
Series part designator, SPT (RLIN) 06/20/2018
z (OCLC) Sirsi
Holdings
Withdrawn status Lost status Source of classification or shelving scheme Damaged status Not for loan Collection code Home library Current library Shelving location Date acquired Source of acquisition Cost, normal purchase price Total Checkouts Total Renewals Full call number Barcode Date last seen Date checked out Cost, replacement price Price effective from Koha item type
    Dewey Decimal Classification     Large Print Wasatch County Library Wasatch County Library First Floor 06/20/2018 Gale 36.95 6 1 F Isaac 34301001553223 11/07/2024 10/15/2024 36.95 03/20/2020 BOOK
This project was made possible through a grant from the Institute of Museum and Library Service administered by the Utah State Library Division.

Wasatch County Library

  • 465 East 1200 South, Heber City, Utah 84032
  • Phone 435-654-1511 | Fax 435-654-6456

Hours

  • Monday - Friday 9:30 AM - 8:00 PM
  • Saturday 9:30 AM - 1:30 PM
  • Closed Sundays and Holidays